000 00451nam a2200181 a 4500
001 17049
005 20180713210134.0
008 140415s1992 ag 000 0 spa d
020 _a9505371683
041 _aspa
082 _a658.3154
_bALD
100 1 _aALDAO ZAPIOLA, CARLOS M.
245 1 3 _aLA NEGOCIACION
250 _a2a ed.
260 _aARGENTINA :
_bMACCHI,
_c1992
300 _a519
650 1 4 _aRELACIONES INDUSTRIALES
999 _c17049
_d17049